000 00333nam a2200133Ia 4500
005 20260328104245.0
008 260328s9999||||xx |||||||||||||| ||und||
100 _aStastny, Francisca
245 0 _aBreve Historia del Arte en el Peru /
_cFrancisca Stastny
260 _bMuseo Arte
300 _a57 p.
650 _aARTE
942 _cBK
999 _c10051
_d10051